Diario

Gardado en:
Detalles Bibliográficos
Autor Principal: Frank, Ana
Formato: Libro
Idioma:Undetermined
Publicado: San José, Costa Rica EDUCA 1997
Edición:2
Materias:
Etiquetas: Engadir etiqueta
Sen Etiquetas, Sexa o primeiro en etiquetar este rexistro!

MARC

LEADER 00000nam a2200000Ia 4500
008 170316s9999 xx 000 0 und d
090 |a 800-Is F-1d 
100 |a Frank, Ana 
245 |a Diario 
250 |a 2 
260 |a San José, Costa Rica 
260 |b EDUCA 
260 |c 1997 
300 |a 373 páginas 
650 |a OTRAS LITERATURAS 
650 |a LITERATURA DE ISRAEL 
650 |a DIARIO ÍNTIMO - ANA FRANK 
999 |c 19929  |d 19929 
040 |a cru BVZT 
942 |c 15 D  |h 800-Is F-1d  |2 z